| 000 | 00739cam a22002294a 4500 | ||
|---|---|---|---|
| 020 | _a9780821363881 (pbk.) | ||
| 020 | _a0821363883 (pbk.) | ||
| 040 | _cDLC | ||
| 082 | 0 | 0 | _a362 WOR 2005 A015 Or. |
| 245 | 0 | 0 |
_aCommitting to results : _bimproving the effectiveness of HIV/AIDS assistance : an OED evaluation of the World Bank's assistance for HIV/AIDS control / |
| 260 |
_aWashington, D.C. : _bWorld Bank, _c2005. |
||
| 300 |
_axx, 250 p. : _bill. ; _c28 cm. |
||
| 500 | _aTask leader: Martha Ainsworth. | ||
| 650 | 0 | _aEconomic assistance | |
| 650 | 0 | _aAIDS (Disease) | |
| 650 | 0 | _aHIV infections | |
| 650 | 0 | _aAIDS (Disease) | |
| 650 | 0 | _aHIV infections | |
| 700 | 1 | _aAinsworth, Martha, | |
| 710 | 2 | _aWorld Bank. | |
| 942 | _cEK | ||
| 999 |
_c11415 _d11415 |
||